Subjekt verejnej správy - neplatiteľ DPH
Pojem zdaniteľná osoba pre účely DPH a zákon č. 222/2004 Z. z. o dani z pridanej hodnoty. Povinnosť registrácie. Prípady, kedy subjektom verejnej správy ako zdaniteľným osobám vzniká povinnosť priznávať a odvádzať DPH i napriek tomu, že nie sú jej platiteľmi.
Salvato in:
| Autore principale: | |
|---|---|
| Natura: | Capitolo di libro |
| Lingua: | slovacco |
| Soggetti: | |
| Tags: |
Nessun Tag, puoi essere il primo ad aggiungerne!!
|
MARC
| LEADER | 00000naa a2200000 4500 | ||
|---|---|---|---|
| 001 | 0128064 | ||
| 005 | 20231120115111.3 | ||
| 041 | 0 | |a slo | |
| 044 | |a SK | ||
| 245 | 1 | 0 | |a Subjekt verejnej správy - neplatiteľ DPH |c Ján Mintál |
| 520 | |a Pojem zdaniteľná osoba pre účely DPH a zákon č. 222/2004 Z. z. o dani z pridanej hodnoty. Povinnosť registrácie. Prípady, kedy subjektom verejnej správy ako zdaniteľným osobám vzniká povinnosť priznávať a odvádzať DPH i napriek tomu, že nie sú jej platiteľmi. | ||
| 610 | 2 | 0 | |a dane |
| 610 | 2 | 0 | |a dane z hodnoty pridanej |
| 610 | 2 | 0 | |a povinnosť daňová |
| 610 | 2 | 0 | |a zdaňovanie |
| 610 | 2 | 0 | |a správa daňová |
| 610 | 2 | 0 | |a vyrovnanie daňové |
| 610 | 2 | 0 | |a osoby právnické |
| 610 | 2 | 0 | |a rezidenti |
| 610 | 2 | 0 | |a sadzby daňové |
| 100 | 1 | |a Mintál, Ján | |